Regioni vincitrici Coppa Italia - Statistics

Statistiche generali
  • Questo quiz è stato fatto 51 volte
  • Il punteggio medio è 8 su 8
Statistiche sulle risposte
Numero vittorie Numero squadre vincenti Regione % Corretto
16 2 Lazio
100%
20 2 Piemonte
100%
5 2 Emilia-Romagna
98%
16 3 Lombardia
98%
6 3 Liguria
96%
6 1 Toscana
96%
6 1 Campania
93%
2 2 Veneto
91%
Nessun quiz corrispondente trovato
Distribuzione punteggi
Percentuale di utenti per punteggio
Percentile per numero di risposta
I tuoi punteggi nel tempo
Non hai fatto questo quiz